000 00869nam a2200253Ia 4500
005 20220718154203.0
008 210716s1997 xx 000 0 und d
020 _a8187972203
040 _cAIMIT LIBRARY
041 _aeng
082 _a006.32
_22
_bMEHK
100 _aMehrotra, Kishan
_950840
245 _aElements of artificial neural networks /
_cBy Kishan Mehrotra , Chilukuri K. Mohan and Sanjay Ranka
250 _a2 ed.
260 _aMumbai :
_bPenram International Publishing ,
_c2010
300 _aix,397p ;
_bPB :
_c24 cm.
650 _aNeural Networks
_950841
650 _aSupervised Learning-Single Layer Networks
_950842
650 _aSupervised Learning : Multilayer Networks
_950843
650 _aUnsupervised Learning
_950844
700 _aMohan, Chilukuri K.
_950845
700 _aRanka, Sanjay.
_950846
942 _2ddc
_cBK
_e2nd
_k006.32 MEHK
999 _c194009
_d194009